[Event "HUN-chT2 Toth 0506"]
[Site "Hungary"]
[Date "2005.10.30"]
[Round "2"]
[White "Pasztorcsik, Janos"]
[Black "Terek, Gyula"]
[Result "1-0"]
[WhiteElo "2127"]
[BlackElo "1898"]
[PlyCount "37"]
[EventDate "2005.10.16"]
[EventType "team-tourn"]
[EventRounds "11"]
[EventCountry "HUN"]
[SourceTitle "EXT 2009"]
[Source "ChessBase"]
[SourceDate "2008.11.26"]
[SourceVersion "1"]
[SourceVersionDate "2008.11.26"]
[SourceQuality "1"]
[WhiteTeam "Oroshaza"]
[BlackTeam "Battonya"]
[WhiteTeamCountry "HUN"]
[BlackTeamCountry "HUN"]

1. c4 Nf6 2. d4 g6 3. Nc3 d5 4. cxd5 Nxd5 5. e4 Nxc3 6. bxc3 Bg7 7. Nf3 0-0 8. Rb1 c5 9. Be2 cxd4 10. cxd4 b6 11. 0-0 Bb7 12. d5 Qd6 13. Nd4 a6 14. Be3 Nd7 15. Qd2 f5 16. Ne6 Rf7 17. Nxg7 Rxg7 18. Bd4 e5 19. dxe6 1-0

[Event "HUN-chT2 Toth 0304"]
[Site "Hungary"]
[Date "2004.04.04"]
[Round "10"]
[White "Terek, Gyula"]
[Black "Berta, Gergely"]
[Result "0-1"]
[WhiteElo "1906"]
[BlackElo "2015"]
[PlyCount "80"]
[EventDate "2003.09.28"]
[EventType "team-tourn"]
[EventRounds "11"]
[EventCountry "HUN"]
[SourceTitle "EXT 2009"]
[Source "ChessBase"]
[SourceDate "2008.11.26"]
[SourceVersion "1"]
[SourceVersionDate "2008.11.26"]
[SourceQuality "1"]
[WhiteTeam "Battonya"]
[BlackTeam "Oroshaza"]
[WhiteTeamCountry "HUN"]
[BlackTeamCountry "HUN"]

1. d4 d5 2. Bf4 Nf6 3. Nf3 e6 4. e3 Nbd7 5. c3 Be7 6. Bd3 b6 7. h3 Bb7 8. Nbd2 c5 9. 0-0 0-0 10. Ne5 c4 11. Bc2 b5 12. a3 a5 13. b4 cxb3 14. Bxb3 Rc8 15. Qe2 Qb6 16. Rfc1 a4 17. Bd1 Qa5 18. Nb1 Nxe5 19. dxe5 Ne4 20. Qb2 Rc7 21. f3 Nc5 22. Qb4 Qb6 23. Qd4 Qc6 24. Ra2 Nd7 25. Be2 Nb6 26. Rb2 Nc4 27. Bxc4 dxc4 28. Qd2 Rd8 29. Qe2 Rcd7 30. Rcc2 Rd3 31. Kh2 g5 32. Bg3 Qc5 33. e4 Rd1 34. Qf2 Qc6 35. Qe2 Qc5 36. Qf2 Qc6 37. Qe2 Bc5 38. Bf2 Qb6 39. Bxc5 Qxc5 40. g3 Qg1# 0-1

[Event "HUN-chT2 Toth 0304"]
[Site "Hungary"]
[Date "2004.01.25"]
[Round "6"]
[White "Terek, Gyula"]
[Black "Makay, Andor"]
[Result "1/2-1/2"]
[WhiteElo "1906"]
[BlackElo "2006"]
[PlyCount "48"]
[EventDate "2003.09.28"]
[EventType "team-tourn"]
[EventRounds "11"]
[EventCountry "HUN"]
[SourceTitle "EXT 2009"]
[Source "ChessBase"]
[SourceDate "2008.11.26"]
[SourceVersion "1"]
[SourceVersionDate "2008.11.26"]
[SourceQuality "1"]
[WhiteTeam "Battonya"]
[BlackTeam "Szentes"]
[WhiteTeamCountry "HUN"]
[BlackTeamCountry "HUN"]

1. d4 d5 2. Bf4 Nc6 3. e3 a6 4. c3 Nf6 5. h3 Bf5 6. Bd3 Bxd3 7. Qxd3 e6 8. Nf3 h6 9. Nbd2 Be7 10. Ne5 Nxe5 11. Bxe5 0-0 12. Bxf6 Bxf6 13. 0-0 b6 14. Rad1 c6 15. Nf3 Qc7 16. e4 dxe4 17. Qxe4 Rad8 18. Ne5 c5 19. f4 Rd5 20. c4 Rd6 21. b3 Rfd8 22. d5 b5 23. Nc6 R8d7 24. Ne5 Rd8 1/2-1/2

[Event "HUN-chT2 Toth 0304"]
[Site "Hungary"]
[Date "2003.11.16"]
[Round "3"]
[White "Terek, Gyula"]
[Black "Gombos, Janos"]
[Result "0-1"]
[WhiteElo "1906"]
[BlackElo "2043"]
[PlyCount "58"]
[EventDate "2003.09.28"]
[EventType "team-tourn"]
[EventRounds "11"]
[EventCountry "HUN"]
[SourceTitle "EXT 2009"]
[Source "ChessBase"]
[SourceDate "2008.11.26"]
[SourceVersion "1"]
[SourceVersionDate "2008.11.26"]
[SourceQuality "1"]
[WhiteTeam "Battonya"]
[BlackTeam "GYDSE"]
[WhiteTeamCountry "HUN"]
[BlackTeamCountry "HUN"]

1. d4 Nf6 2. Nf3 e6 3. Bf4 d5 4. e3 c5 5. c3 Nc6 6. h3 Qb6 7. Qc2 cxd4 8. exd4 Bd7 9. Nbd2 Be7 10. Bd3 h6 11. Ne5 Rc8 12. a3 Nxd4 13. Qb1 Nb3 14. Nxb3 Qxb3 15. Bc2 Qb6 16. 0-0 Bb5 17. Rd1 a5 18. Rd2 0-0 19. Qe1 Rfe8 20. Rad1 Nd7 21. a4 Nxe5 22. Qxe5 Bf6 23. Qh5 Ba6 24. Bxh6 gxh6 25. Qxh6 Bg7 26. Qh7+ Kf8 27. Rd4 Rc4 28. h4 Rxd4 29. cxd4 Bxd4 0-1